Theory and problems of micro processor fundamentals / (Record no. 10919)
[ view plain ]
| 000 -LEADER | |
|---|---|
| fixed length control field | 00578cam a2200205ua 4500 |
| 020 ## - INTERNATIONAL STANDARD BOOK NUMBER | |
| ISBN | 0 07 100615 X |
| 041 ## - LANGUAGE CODE | |
| Language code of text/sound track or separate title | eng |
| 082 ## - DEWEY DECIMAL CLASSIFICATION NUMBER | |
| Classification number | 004.16076 |
| Item number | TOK/TH |
| 100 ## - MAIN ENTRY--AUTHOR NAME | |
| Personal name | Tokheim, Roger L . |
| 245 ## - TITLE STATEMENT | |
| Title | Theory and problems of micro processor fundamentals / |
| 250 ## - EDITION STATEMENT | |
| Edition statement | 2 / |
| 260 ## - PUBLICATION, DISTRIBUTION, ETC. (IMPRINT) | |
| Place of publication | New York : |
| Name of publisher | McGraw Hill Book Company , |
| Year of publication | 1990. |
| 300 ## - PHYSICAL DESCRIPTION | |
| Number of Pages | 469 ; . |
| 490 0# - SERIES STATEMENT | |
| Series statement | Schaum`s outline series, |
| Volume number/sequential designation | |
| 500 ## - GENERAL NOTE | |
| General note | *CSS |
| 942 ## - ADDED ENTRY ELEMENTS (KOHA) | |
| Koha item type | Books |
| Withdrawn status | Lost status | Damaged status | Home library | Current library | Shelving location | Date acquired | Full call number | Accession Number | Koha item type |
|---|---|---|---|---|---|---|---|---|---|
| KAUAET | KAUAET | Scheme | 23/07/2018 | 004.16076 TOK/TH | 18929 | Books |
